|
|
|
|
| LEADER |
00000nam a2200000 a 4500 |
| 001 |
250946 |
| 003 |
Ucuenca |
| 005 |
20230308182442.0 |
| 008 |
010101|2008 ||||||||r|||||||||||spa|| |
| 020 |
|
|
|a 9789589838228
|
| 040 |
|
|
|b spa
|
| 041 |
1 |
|
|a spa
|
| 082 |
0 |
|
|a 542.1
|
| 100 |
3 |
|
|a Cifuentes Osorio, Gabriel Ricardo
|9 99437
|
| 245 |
0 |
0 |
|a Manual pràcticas de laboratorio de quìmica
|c Gabriel Ricardo Cifuentes Osorio
|h imp
|
| 264 |
|
|
|a Colombia
|b Ediciones UniBoyacà
|c 2008
|
| 300 |
|
|
|a 114 páginas:
|b gra
|c 22 cm
|
| 504 |
|
|
|a incl. ref.
|
| 650 |
|
0 |
|a Laboratorio de investigación
|9 34087
|
| 650 |
|
0 |
|a Química
|9 12795
|
| 650 |
|
|
|a Experimentos
|9 39409
|
| 852 |
|
|
|a UC-YANUNCAY
|c est_abierta
|f Compra
|k jterreros
|l 1
|m General
|p 2010-10-18
|q 24.30
|r 2
|t 250946
|b 0
|d CDRY
|e CDRY
|g 542.1
|z 2010-01-01
|
| 942 |
|
|
|c BK
|
| 999 |
|
|
|c 59784
|d 59784
|